[Event "Schachbundesliga 2013/2014"]
[Site "?"]
[Date "2014.04.06"]
[Round "15.5"]
[White "Heinemann, Thies"]
[Black "Murdzia, Piotr"]
[Result "1-0"]
[WhiteElo "2461"]
[BlackElo "2449"]
[PlyCount "137"]
[EventDate "2014.??.??"]
[WhiteClock "0:02:03"]
[BlackClock "0:19:22"]

1. e4 e5 2. Nf3 Nf6 3. Nc3 Nc6 4. d4 exd4 5. Nxd4 Bb4 6. Nxc6 bxc6 7. Bd3 d5 8.
exd5 cxd5 9. O-O O-O 10. Bg5 c6 11. Qf3 h6 12. Bxf6 Qxf6 13. Qxf6 gxf6 14. Ne2
Bd6 15. Nd4 Bd7 16. Nf5 Bxf5 17. Bxf5 Rab8 18. b3 Rfe8 19. Rfe1 Bb4 20. Rxe8+
Rxe8 21. Kf1 Re5 22. Bd7 c5 23. Rd1 d4 24. g3 Kf8 25. Bb5 Ke7 26. Be2 Bc3 27.
Rd3 Kf8 28. Rf3 Kg7 29. Rf4 Bd2 30. Rg4+ Kf8 31. Rh4 Kg7 32. f4 Rd5 33. Bc4 Rd7
34. Rg4+ Kf8 35. Bd3 Bb4 36. Bh7 Rd8 37. Ke2 Re8+ 38. Kf2 Rd8 39. Kf3 Re8 40.
Be4 Re6 41. Bd3 Re3+ 42. Kf2 Re8 43. Rh4 Kg7 44. Rh5 Rd8 45. Be4 Re8 46. Kf3
Rd8 47. Ke2 Rd6 48. Kd3 Ra6 49. a4 Rd6 50. Kc4 Re6 51. Bd3 Rd6 52. Rxc5 Bxc5
53. Kxc5 Rd7 54. Kc6 Re7 55. a5 Kf8 56. b4 Ke8 57. b5 Kd8 58. Kc5 Re1 59. Kxd4
Ra1 60. a6 Kc7 61. Ke4 Rh1 62. h4 Rg1 63. Kf5 Rxg3 64. Kxf6 h5 65. Kxf7 Rg4 66.
f5 Rxh4 67. f6 Kd6 68. Kg7 Rg4+ 69. Bg6 1-0

[Event "Schachbundesliga 2013/2014"]
[Site "?"]
[Date "2014.04.06"]
[Round "15.6"]
[White "Horvath, Peter"]
[Black "Van Delft, Merijn"]
[Result "1/2-1/2"]
[WhiteElo "2449"]
[BlackElo "2425"]
[PlyCount "40"]
[EventDate "2014.??.??"]
[WhiteClock "0:43:36"]
[BlackClock "0:51:45"]

1. d4 d5 2. c4 c6 3. Nf3 Nf6 4. Nc3 e6 5. cxd5 exd5 6. Qc2 g6 7. Bg5 Be7 8. e3
Bf5 9. Bd3 Bxd3 10. Qxd3 Nbd7 11. O-O O-O 12. Rae1 Ne4 13. Bxe7 Qxe7 14. Nd2 f5
15. f3 Nxd2 16. Qxd2 Nb6 17. Nd1 Rae8 18. b3 Rf6 19. Re2 Re6 20. Rfe1 c5
1/2-1/2

[Event "Schachbundesliga 2013/2014"]
[Site "?"]
[Date "2014.04.06"]
[Round "15.7"]
[White "Berger, Steve"]
[Black "Farago, Ivan"]
[Result "1-0"]
[WhiteElo "2412"]
[BlackElo "2484"]
[PlyCount "103"]
[EventDate "2014.??.??"]
[WhiteClock "0:23:08"]
[BlackClock "0:36:37"]

1. e4 c5 2. Nf3 e6 3. d4 cxd4 4. Nxd4 a6 5. Nc3 Qc7 6. g3 Bb4 7. Bd2 Nf6 8. Bg2
Nc6 9. Nb3 Be7 10. O-O d6 11. f4 O-O 12. g4 Nd7 13. g5 f6 14. Qg4 Nc5 15. g6
hxg6 16. Qxg6 Nxb3 17. cxb3 Bd8 18. Rac1 Qf7 19. Qg3 Bd7 20. f5 Ne5 21. fxe6
Bb6+ 22. Kh1 Bxe6 23. Bf4 Qh5 24. Rcd1 Bc5 25. Nd5 Bxd5 26. Rxd5 a5 27. Bh3
Rae8 28. Bf5 g6 29. Bxe5 fxe5 30. Rd3 Rf6 31. Qg2 Qh6 32. Rh3 Qg7 33. Rg3 Ref8
34. Rff3 Qh6 35. Rg5 Kf7 36. Bxg6+ Ke7 37. Bf5 Qh4 38. Rg4 Qh6 39. Rg5 Qh4 40.
Rgg3 Qh8 41. Qe2 R8f7 42. Qb5 Qa8 43. Rh3 Rxf5 44. exf5 b6 45. f6+ Ke6 46. Qc4+
d5 47. Qg4+ Kd6 48. Qg6 Qb7 49. Rh7 d4 50. Kg2 e4 51. Qxf7 exf3+ 52. Kg3 1-0

[Event "Schachbundesliga 2013/2014"]
[Site "?"]
[Date "2014.04.06"]
[Round "15.8"]
[White "Walter, Stefan"]
[Black "Lampert, Jonas"]
[Result "1-0"]
[WhiteElo "2343"]
[BlackElo "2376"]
[PlyCount "147"]
[EventDate "2014.??.??"]
[WhiteClock "0:10:59"]
[BlackClock "0:13:02"]

1. d4 Nf6 2. c4 e6 3. g3 d5 4. Nf3 dxc4 5. Bg2 c5 6. O-O Nc6 7. Qa4 Bd7 8. Qxc4
b5 9. Qd3 c4 10. Qd1 Rc8 11. Bg5 Be7 12. Nc3 b4 13. Bxf6 gxf6 14. Ne4 Qa5 15.
Qc1 f5 16. Ned2 Qb5 17. Rd1 Na5 18. Ne5 c3 19. bxc3 bxc3 20. Ndf3 c2 21. Rd3 f6
22. Nxd7 Qxd7 23. Qb2 Qb7 24. Qc1 Qb4 25. Ne1 O-O 26. Rd2 Kg7 27. e3 Rc3 28.
Rxc2 Rfc8 29. Rxc3 Rxc3 30. Qd1 Nc4 31. Rb1 Qa3 32. Qe2 Rc1 33. Rxc1 Qxc1 34.
Bf1 Nd2 35. Nd3 Qc2 36. a4 a5 37. Nf4 e5 38. Ne6+ Kf7 39. d5 Ke8 40. Qb5+ Kf7
41. Qe2 Ke8 42. Ng7+ Kf8 43. Nxf5 Qxf5 44. Qxd2 Bb4 45. Qd1 Ke7 46. Bd3 e4 47.
Bc2 Kd6 48. Qd4 Be1 49. Qb6+ Kd7 50. Qb5+ Kd8 51. Qe2 Bb4 52. Qc4 Be1 53. f4
Qg4 54. Bxe4 Qd1 55. Qf1 Qc1 56. Bxh7 Qxe3+ 57. Kg2 Bb4 58. Qf2 Qc3 59. Qb6+
Ke7 60. Qe6+ Kd8 61. Bf5 Qb2+ 62. Kh3 Kc7 63. Qc8+ Kb6 64. Qc6+ Ka7 65. Qc7+
Ka8 66. d6 Qe2 67. Qc6+ Ka7 68. Bg4 Qf1+ 69. Kh4 Qd3 70. Qc7+ Ka8 71. Bc8 Qe4
72. Ba6 Be1 73. Qd8+ Ka7 74. Qe7+ 1-0

[Event "Schachbundesliga 2013/2014"]
[Site "?"]
[Date "2014.04.06"]
[Round "15.2"]
[White "Wells, Peter K"]
[Black "Hracek, Zbynek"]
[Result "0-1"]
[WhiteElo "2487"]
[BlackElo "2636"]
[PlyCount "96"]
[EventDate "2014.??.??"]
[WhiteClock "0:33:16"]
[BlackClock "0:18:04"]

1. d4 Nf6 2. Bg5 d5 3. e3 c5 4. Bxf6 gxf6 5. dxc5 Nc6 6. Nd2 e5 7. Nb3 Bxc5 8.
Nxc5 Qa5+ 9. c3 Qxc5 10. Nf3 Rg8 11. g3 Bg4 12. Be2 Bh3 13. Bf1 Bg4 14. Be2
O-O-O 15. O-O Bh3 16. b4 Qd6 17. Re1 Kb8 18. Qa4 e4 19. Nd4 Nxd4 20. cxd4 f5
21. Rac1 f4 22. exf4 Qxf4 23. Qb3 f5 24. Qe3 Qd6 25. f4 Qxb4 26. Rb1 Qd6 27.
Rb5 Rg7 28. Reb1 Rc7 29. Qb3 Rdd7 30. a4 Bg4 31. Bxg4 fxg4 32. a5 h5 33. f5 Qh6
34. Rf1 Qf6 35. Rxd5 Qf7 36. Rb5 Qxb3 37. Rxb3 Rxd4 38. f6 Rf7 39. a6 b6 40.
Rc3 Rd6 41. Rfc1 Rf8 42. f7 Rf6 43. Re3 R6xf7 44. Rxe4 Rc8 45. Rxc8+ Kxc8 46.
Re5 Rh7 47. Kf2 Kd7 48. Ke3 Re7 0-1

[Event "Schachbundesliga 2013/2014"]
[Site "?"]
[Date "2014.04.06"]
[Round "15.3"]
[White "Nyback, Tomi"]
[Black "Abergel, Thal"]
[Result "1/2-1/2"]
[WhiteElo "2599"]
[BlackElo "2413"]
[PlyCount "127"]
[EventDate "2014.??.??"]
[WhiteClock "0:56:01"]
[BlackClock "0:09:11"]

1. d4 Nf6 2. c4 e6 3. g3 c5 4. d5 exd5 5. cxd5 d6 6. Bg2 g6 7. Nc3 Bg7 8. Nf3
O-O 9. O-O Re8 10. Bf4 a6 11. a4 Qc7 12. Nd2 Nh5 13. Be3 Nd7 14. Nc4 Nb6 15.
Nxb6 Qxb6 16. Qd2 Bf5 17. Bf3 Nf6 18. a5 Qc7 19. Na4 Ne4 20. Qc1 Qxa5 21. g4
Bxg4 22. Nxc5 Qxa1 23. Qxa1 Bxf3 24. exf3 Nxc5 25. Qa5 b5 26. Qb6 Na4 27. Qxd6
Nxb2 28. Bf4 Nd3 29. Bg3 Red8 30. Qc6 Nb4 31. Qb7 Nxd5 32. Rd1 Nb4 33. Rxd8+
Rxd8 34. Qe7 Rd1+ 35. Kg2 Bf8 36. Qf6 Nd3 37. Qxa6 b4 38. Qa4 Rc1 39. Qe8 Re1
40. Qc8 Re6 41. Qd8 Ne1+ 42. Kf1 Nxf3 43. Bf4 Re1+ 44. Kg2 Ne5 45. Bh6 Nd7 46.
Bxf8 Nxf8 47. Qd4 b3 48. Qc3 Re8 49. Qxb3 Re5 50. Qb8 Rf5 51. Qd8 h5 52. Qd2
Kh7 53. Qe3 Ne6 54. h3 Nf4+ 55. Kh2 Nd5 56. Qd2 Ne7 57. Qe3 Nc6 58. Kg2 Ne5 59.
Qe4 Nf3 60. Qe7 Ne5 61. Qd8 Kg7 62. Qd4 Rg5+ 63. Kf1 Kh7 64. Qe3 1/2-1/2

[Event "Schachbundesliga 2013/2014"]
[Site "?"]
[Date "2014.04.06"]
[Round "15.5"]
[White "Markgraf, Alexander"]
[Black "Beikert, Guenther"]
[Result "1-0"]
[WhiteElo "2483"]
[BlackElo "2422"]
[PlyCount "65"]
[EventDate "2014.??.??"]

1. e4 e6 2. d4 d5 3. Nc3 Bb4 4. e5 Qd7 5. Qg4 f5 6. Qg3 b6 7. a3 Bxc3+ 8. bxc3
Ba6 9. Bxa6 Nxa6 10. a4 O-O-O 11. Ne2 Kb7 12. Nf4 Nb8 13. a5 Nc6 14. axb6 axb6
15. O-O g6 16. Qd3 Na5 17. Qh3 Ne7 18. Nd3 Ra8 19. Bg5 Nec6 20. Rfb1 Qf7 21.
Nc5+ Kc8 22. Nb3 Kb7 23. Nc5+ Kb8 24. Bf6 Rg8 25. Ra4 Nc4 26. Rxc4 dxc4 27. Qf3
Na5 28. d5 exd5 29. e6 Qe8 30. Nd7+ Ka7 31. Qxd5 Qc8 32. Bd4 Qa6 33. Nxb6 1-0

[Event "Schachbundesliga 2013/2014"]
[Site "?"]
[Date "2014.04.06"]
[Round "15.6"]
[White "Meinhardt, Maximilian"]
[Black "Meins, Gerlef"]
[Result "1-0"]
[WhiteElo "2394"]
[BlackElo "2448"]
[PlyCount "111"]
[EventDate "2014.??.??"]
[WhiteClock "0:01:14"]
[BlackClock "0:13:10"]

1. e4 c5 2. Nc3 Nc6 3. g3 g6 4. Bg2 Bg7 5. d3 d6 6. f4 Nf6 7. Nf3 O-O 8. O-O
Rb8 9. h3 b5 10. g4 b4 11. Ne2 a5 12. f5 Ba6 13. Ng3 c4 14. d4 c3 15. Re1 cxb2
16. Bxb2 Nd7 17. Rc1 Nb6 18. Ba1 Bc4 19. Qd2 Bxa2 20. Qf2 Bc4 21. Nf1 Na4 22.
Ne3 Bb5 23. Nd5 e6 24. Nf4 exf5 25. gxf5 Nb6 26. Rcd1 Nc4 27. h4 a4 28. Qg3 b3
29. cxb3 axb3 30. Bc3 Na3 31. Kh2 Nc2 32. Rg1 Ne3 33. Rde1 Nc2 34. Rd1 Ne3 35.
Rb1 d5 36. Bh3 dxe4 37. fxg6 hxg6 38. Ng5 Nd5 39. Nge6 Qd6 40. Nxd5 Qxd5 41.
Nxg7 Bd3 42. Nf5 Bxb1 43. Qe3 Rb5 44. Qh6 Qxf5 45. Bxf5 Rxf5 46. Rxb1 Rh5 47.
Qf4 Ne7 48. Qxe4 Nf5 49. Be1 Rb8 50. Rb2 Nd6 51. Qc6 Nf5 52. Qf6 Re8 53. Bf2
Ne3 54. Bxe3 Rxe3 55. Rf2 Rh7 56. d5 1-0

[Event "Schachbundesliga 2013/2014"]
[Site "?"]
[Date "2014.04.06"]
[Round "15.7"]
[White "Joachim, Sven"]
[Black "Mueller, Michael"]
[Result "1/2-1/2"]
[WhiteElo "2422"]
[BlackElo "2219"]
[PlyCount "45"]
[EventDate "2014.??.??"]
[WhiteClock "1:14:30"]
[BlackClock "0:33:33"]

1. e4 c5 2. Nf3 Nc6 3. Bb5 g6 4. Bxc6 dxc6 5. d3 Bg7 6. h3 Nf6 7. Nc3 O-O 8.
Be3 b6 9. Qd2 Re8 10. Bh6 e5 11. O-O-O Qd6 12. Ne2 Bd7 13. g4 Rad8 14. Ng3 Bc8
15. Nh4 Qf8 16. Bxg7 Qxg7 17. g5 Nd7 18. f4 exf4 19. Qxf4 Qe5 20. Qe3 Nf8 21.
Ne2 c4 22. Nf3 Qa5 23. a3 1/2-1/2

[Event "Schachbundesliga 2013/2014"]
[Site "?"]
[Date "2014.04.06"]
[Round "15.8"]
[White "Martin, Stefan"]
[Black "Brinkmann, Fabian"]
[Result "1-0"]
[WhiteElo "2187"]
[BlackElo "1822"]
[PlyCount "67"]
[EventDate "2014.??.??"]
[WhiteClock "0:01:03"]
[BlackClock "0:01:17"]

1. d4 d5 2. c4 c6 3. Nf3 Nf6 4. Nc3 dxc4 5. a4 Bf5 6. e3 e6 7. Bxc4 Bb4 8. O-O
O-O 9. Nh4 Bg4 10. f3 Nd5 11. fxg4 Qxh4 12. Qf3 Nd7 13. e4 N5b6 14. Bd3 c5 15.
Na2 a5 16. Nxb4 axb4 17. Bf4 e5 18. Bxe5 Nxe5 19. dxe5 Qe7 20. Bb5 Qxe5 21. b3
Rad8 22. Rad1 Rd4 23. Rxd4 Qxd4+ 24. Kh1 Nc8 25. Rd1 Qe5 26. Rd5 Qa1+ 27. Qd1
Qc3 28. h3 Ne7 29. Rd7 Qe5 30. Qd6 Qa1+ 31. Kh2 Ng6 32. Rxb7 Qb2 33. Bc4 Qf2
34. Rb8 1-0

[Event "Schachbundesliga 2013/2014"]
[Site "?"]
[Date "2014.04.06"]
[Round "15.1"]
[White "Rabiega, Robert"]
[Black "Giri, Anish"]
[Result "1/2-1/2"]
[WhiteElo "2507"]
[BlackElo "2749"]
[PlyCount "72"]
[EventDate "2014.??.??"]
[WhiteClock "0:04:32"]
[BlackClock "0:02:50"]

1. e4 c5 2. c3 d5 3. exd5 Qxd5 4. d4 Nf6 5. Nf3 e6 6. Be3 Be7 7. Bd3 O-O 8. O-O
Rd8 9. Qe2 Nc6 10. Rd1 cxd4 11. Nxd4 e5 12. Nxc6 Qxc6 13. Nd2 Bg4 14. f3 Nd5
15. Nc4 Nxe3 16. Nxe3 Be6 17. Be4 Qc5 18. Kh1 Bg5 19. Nf1 Rab8 20. Ng3 Qe3 21.
Qb5 Rd2 22. Rxd2 Qxd2 23. Qxe5 Bf4 24. Qd4 Rd8 25. Qxd2 Rxd2 26. b3 b6 27. Bf5
Bxf5 28. Nxf5 Be5 29. Re1 Kf8 30. c4 Rxa2 31. g3 Ra1 32. Rxa1 Bxa1 33. Kg2 g6
34. Ne3 Ke7 35. Kf1 Kd6 36. Ke2 Bd4 1/2-1/2

[Event "Schachbundesliga 2013/2014"]
[Site "?"]
[Date "2014.04.06"]
[Round "15.2"]
[White "Yilmaz, Mustafa"]
[Black "Stern, Rene"]
[Result "1-0"]
[WhiteElo "2567"]
[BlackElo "2513"]
[PlyCount "79"]
[EventDate "2014.??.??"]
[WhiteClock "0:43:14"]
[BlackClock "0:40:08"]

1. d4 d5 2. c4 e6 3. Nf3 Nf6 4. Nc3 Nbd7 5. Bg5 c6 6. e3 Qa5 7. Nd2 dxc4 8.
Bxf6 Nxf6 9. Nxc4 Qc7 10. Rc1 Be7 11. g3 O-O 12. Bg2 Rd8 13. O-O Bd7 14. e4 Be8
15. e5 Nd7 16. Ne4 Nb6 17. Ncd6 Nc8 18. Nxe8 Rxe8 19. f4 Nb6 20. Qf3 Rad8 21.
f5 Bf8 22. Ng5 h6 23. fxe6 fxe6 24. Qe4 hxg5 25. Qg6 Rxd4 26. Qxe8 Qe7 27. Qg6
Nd5 28. Be4 Rxe4 29. Qxe4 Qe8 30. Rf3 Be7 31. Rb3 b6 32. Rf3 Bc5+ 33. Kh1 Qh5
34. Rc4 a5 35. a3 Qe8 36. Rc1 Qh5 37. b4 axb4 38. axb4 Nxb4 39. Ra1 Qe8 40.
Rfa3 1-0

[Event "Schachbundesliga 2013/2014"]
[Site "?"]
[Date "2014.04.06"]
[Round "15.3"]
[White "Richter, Michael"]
[Black "Pruijssers, Roeland"]
[Result "0-1"]
[WhiteElo "2473"]
[BlackElo "2529"]
[PlyCount "72"]
[EventDate "2014.??.??"]
[WhiteClock "0:00:50"]
[BlackClock "0:00:59"]

1. d4 f5 2. g3 Nf6 3. Bg2 g6 4. Nf3 Bg7 5. O-O O-O 6. Nbd2 d6 7. Re1 Nc6 8. e4
e5 9. dxe5 dxe5 10. exf5 gxf5 11. c3 e4 12. Ng5 Ne5 13. Bf1 Nfg4 14. f4 h6 15.
Ngxe4 fxe4 16. fxe5 Nxe5 17. Bg2 Nd3 18. Rxe4 Bf5 19. Rh4 Qe7 20. Nf3 Rad8 21.
Nd4 Rxd4 22. Rxd4 Bxd4+ 23. cxd4 Kh7 24. Bd2 Qd6 25. Qa4 c5 26. Bc3 Qe7 27. Rf1
Qe3+ 28. Kh1 Nf2+ 29. Rxf2 Qxf2 30. dxc5 Rd8 31. Qb3 Rd7 32. h3 Qxg3 33. Bf6
Qg6 34. Be5 Be4 35. Qg3 Rd1+ 36. Kh2 Rd2 0-1

[Event "Schachbundesliga 2013/2014"]
[Site "?"]
[Date "2014.04.06"]
[Round "15.4"]
[White "Burg, Twan"]
[Black "Muse, Mladen"]
[Result "1/2-1/2"]
[WhiteElo "2499"]
[BlackElo "2424"]
[PlyCount "41"]
[EventDate "2014.??.??"]
[WhiteClock "0:22:13"]
[BlackClock "0:37:04"]

1. e4 d5 2. exd5 Qxd5 3. Nc3 Qd6 4. d4 Nf6 5. Nf3 a6 6. g3 Bg4 7. Bg2 Nc6 8.
O-O O-O-O 9. d5 Ne5 10. Bf4 Nxf3+ 11. Bxf3 Bxf3 12. Qxf3 e5 13. dxe6 Qxe6 14.
Bg5 Re8 15. Bxf6 Qxf6 16. Qxf6 gxf6 17. Rfe1 Re6 18. Nd5 Bd6 19. f4 f5 20. Kf1
h5 21. Rxe6 1/2-1/2

[Event "Schachbundesliga 2013/2014"]
[Site "?"]
[Date "2014.04.06"]
[Round "15.5"]
[White "Von Herman, Ulf"]
[Black "Janssen, Ruud"]
[Result "0-1"]
[WhiteElo "2391"]
[BlackElo "2471"]
[PlyCount "56"]
[EventDate "2014.??.??"]
[WhiteClock "0:20:49"]
[BlackClock "0:07:22"]

1. c4 Nf6 2. d4 e6 3. Nf3 a6 4. e3 d5 5. Nbd2 c5 6. dxc5 Bxc5 7. a3 dxc4 8.
Bxc4 b5 9. Be2 O-O 10. O-O Qe7 11. b4 Bd6 12. Bb2 Bb7 13. Qb1 Nbd7 14. Bd3 Rfd8
15. Rc1 h6 16. Ne4 Nxe4 17. Bxe4 Nb6 18. Be5 Bxe5 19. Nxe5 Rd2 20. Nf3 Rd6 21.
h3 Rad8 22. Nd4 Nc4 23. Bxb7 Qxb7 24. a4 e5 25. Nf3 Rg6 26. e4 Nd2 27. Nxd2
Rxd2 28. Rc2 Rxg2+ 0-1

[Event "Schachbundesliga 2013/2014"]
[Site "?"]
[Date "2014.04.06"]
[Round "15.6"]
[White "Zumsande, Martin"]
[Black "Muse, Drazen"]
[Result "1-0"]
[WhiteElo "2431"]
[BlackElo "2408"]
[PlyCount "101"]
[EventDate "2014.??.??"]
[WhiteClock "1:50:34"]
[BlackClock "0:42:33"]

1. e4 Nc6 2. d4 d5 3. exd5 Qxd5 4. Nf3 e5 5. Nc3 Bb4 6. Bd2 Bxc3 7. Bxc3 e4 8.
Ne5 Nxe5 9. dxe5 Ne7 10. Qe2 Be6 11. Rd1 Qc6 12. Qb5 O-O 13. Qxc6 Nxc6 14. Bb5
Bg4 15. Rd2 Rfd8 16. h3 Bf5 17. Bxc6 bxc6 18. Ba5 Rdc8 19. Ke2 Rab8 20. c4 h5
21. Rhd1 Kh7 22. Ke3 Rb7 23. b3 Re8 24. Kf4 Kg6 25. Rd8 Re7 26. Rf8 h4 27. Rdd8
e3 28. fxe3 Bb1 29. Rd2 f6 30. exf6 gxf6 31. Bc3 Re4+ 32. Kf3 Re6 33. Rg8+ Kf5
34. Rg4 Re4 35. Rd1 Bc2 36. Rd4 Rxg4 37. hxg4+ Kg5 38. Rd8 Rb6 39. Rg8+ Kh6 40.
Bxf6 c5 41. g5+ Kh5 42. e4 Ra6 43. Kf4 Rxa2 44. Kf5 Bxe4+ 45. Kxe4 Rxg2 46.
Rh8+ Kg6 47. Kd5 Rg3 48. Rxh4 Rxb3 49. Kxc5 a5 50. Rh6+ Kf5 51. Rh8 1-0

[Event "Schachbundesliga 2013/2014"]
[Site "?"]
[Date "2014.04.06"]
[Round "15.7"]
[White "Fruebing, Stefan"]
[Black "Fiebig, Thomas"]
[Result "1/2-1/2"]
[WhiteElo "2372"]
[BlackElo "2405"]
[PlyCount "44"]
[EventDate "2014.??.??"]
[WhiteClock "0:33:19"]
[BlackClock "0:17:25"]

1. e4 e6 2. d4 d5 3. Nc3 Nf6 4. e5 Ng8 5. f4 Nh6 6. Be3 b6 7. Nf3 c5 8. Qd2 Ba6
9. Nb5 Qd7 10. a4 Be7 11. Be2 O-O 12. O-O Ng4 13. Kh1 Nxe3 14. Qxe3 Nc6 15. c3
Rac8 16. Rfe1 cxd4 17. Nfxd4 Bb7 18. Bd3 g6 19. f5 exf5 20. Nxf5 Qe6 21. Nbd6
Bxd6 22. Nxd6 Rc7 1/2-1/2

[Event "Schachbundesliga 2013/2014"]
[Site "?"]
[Date "2014.04.06"]
[Round "15.8"]
[White "Richter, Christian"]
[Black "Giemsa, Stephan"]
[Result "1/2-1/2"]
[WhiteElo "2368"]
[BlackElo "2321"]
[PlyCount "41"]
[EventDate "2014.??.??"]
[WhiteClock "0:19:16"]
[BlackClock "0:11:45"]

1. d4 Nf6 2. c4 g6 3. g3 c6 4. Bg2 d5 5. cxd5 cxd5 6. Nc3 Bg7 7. Nf3 Ne4 8.
Nxe4 dxe4 9. Ng5 Qxd4 10. Qb3 O-O 11. O-O Nc6 12. Nxe4 Qb6 13. Qxb6 axb6 14.
Nc3 Nd4 15. Bf4 Bg4 16. Rae1 Ne6 17. Be3 Nc5 18. h3 Be6 19. Nd5 Rxa2 20. b4 Na4
21. Rc1 1/2-1/2

[Event "Schachbundesliga 2013/2014"]
[Site "?"]
[Date "2014.04.06"]
[Round "15.1"]
[White "Kraemer, Martin"]
[Black "Volokitin, Andrei"]
[Result "0-1"]
[WhiteElo "2546"]
[BlackElo "2683"]
[PlyCount "70"]
[EventDate "2014.??.??"]
[WhiteClock "0:00:48"]
[BlackClock "0:04:43"]

1. e4 c5 2. Nf3 e6 3. d4 cxd4 4. Nxd4 Nc6 5. Nc3 Qc7 6. Be2 a6 7. O-O Nf6 8.
Be3 Be7 9. f4 d6 10. a4 O-O 11. Kh1 Bd7 12. Nb3 Na5 13. e5 Ne8 14. Nxa5 Qxa5
15. Ne4 Qc7 16. a5 Rc8 17. c4 Bc6 18. Bb6 Qd7 19. Qc2 f5 20. Nc3 Bd8 21. Rad1
Bxb6 22. axb6 Qe7 23. Qd2 dxe5 24. fxe5 g5 25. b4 Qxb4 26. Qxg5+ Kh8 27. Qe3
Rg8 28. Rf2 f4 29. Qh3 f3 30. Bd3 Rg7 31. Ne4 fxg2+ 32. Kg1 Rd8 33. Ng5 Rxd3
34. Qxd3 Rxg5 35. Qe3 Rg8 0-1

[Event "Schachbundesliga 2013/2014"]
[Site "?"]
[Date "2014.04.06"]
[Round "15.2"]
[White "Kryvoruchko, Yuriy"]
[Black "Mista, Aleksander"]
[Result "1-0"]
[WhiteElo "2696"]
[BlackElo "2584"]
[PlyCount "65"]
[EventDate "2014.??.??"]
[WhiteClock "0:36:19"]
[BlackClock "0:32:35"]

1. e4 c5 2. Nf3 d6 3. d4 cxd4 4. Nxd4 Nf6 5. Nc3 e6 6. g3 Nc6 7. Bg2 Bd7 8. O-O
a6 9. Be3 Qc7 10. Nxc6 Bxc6 11. a4 b6 12. Qd4 Rb8 13. e5 dxe5 14. Qc4 Rc8 15.
Bxc6+ Qxc6 16. Qxa6 Bc5 17. Bxc5 bxc5 18. Qe2 Nd7 19. Nb5 Ra8 20. Rfd1 O-O 21.
Rd6 Qb7 22. b3 Ra6 23. Rad1 Rxd6 24. Nxd6 Qc7 25. Nc4 f6 26. Rd6 Nb8 27. Qe4
Rd8 28. Qb7 Qc8 29. a5 Kf8 30. Qxc8 Rxc8 31. a6 Ke7 32. a7 Nd7 33. Rxd7+ 1-0

[Event "Schachbundesliga 2013/2014"]
[Site "?"]
[Date "2014.04.06"]
[Round "15.3"]
[White "Michalik, Peter"]
[Black "Negi, Parimarjan"]
[Result "0-1"]
[WhiteElo "2584"]
[BlackElo "2671"]
[PlyCount "78"]
[EventDate "2014.??.??"]
[WhiteClock "0:25:15"]
[BlackClock "0:00:42"]

1. d4 d5 2. c4 c6 3. Nf3 Nf6 4. e3 g6 5. Nc3 Bg7 6. Be2 O-O 7. O-O e6 8. Qc2
Nbd7 9. Rd1 Re8 10. b4 dxc4 11. Bxc4 b5 12. Bd3 a5 13. bxa5 Qxa5 14. Bd2 Qa3
15. e4 Ba6 16. Bc1 Qa5 17. e5 Nd5 18. Nxd5 cxd5 19. Bd2 b4 20. Bxa6 Rxa6 21. h4
Rea8 22. Rab1 Bf8 23. h5 Qb5 24. hxg6 hxg6 25. Rb2 Nb6 26. Ng5 Qc4 27. Qb1 Na4
28. Rb3 Nc3 29. Bxc3 bxc3 30. Qc1 c2 31. Re1 Qxd4 32. Nxf7 Rxa2 33. Qg5 Qxf2+
34. Kxf2 c1=Q+ 35. Kf1 Qc2 36. Rf3 Ra1 37. Rfe3 Rxe1+ 38. Rxe1 Bc5 39. Nh6+ Kh7
0-1

[Event "Schachbundesliga 2013/2014"]
[Site "?"]
[Date "2014.04.06"]
[Round "15.4"]
[White "Firman, Nazar"]
[Black "Schneider, Ilja"]
[Result "1-0"]
[WhiteElo "2526"]
[BlackElo "2514"]
[PlyCount "91"]
[EventDate "2014.??.??"]
[WhiteClock "1:06:32"]
[BlackClock "0:32:34"]

1. e4 e5 2. Nf3 d6 3. d4 exd4 4. Nxd4 Nf6 5. Nc3 Be7 6. g3 d5 7. e5 Ng4 8. e6
Nf6 9. exf7+ Kxf7 10. Bg2 c6 11. O-O Na6 12. h3 Re8 13. Nce2 Nc7 14. c4 Kg8 15.
Qc2 Bf8 16. Bg5 c5 17. Nb5 Nxb5 18. cxb5 Re5 19. Bxf6 Qxf6 20. Nf4 Be6 21. Rad1
Rd8 22. Qa4 Bf7 23. Qxa7 b6 24. b3 g5 25. Nd3 Ree8 26. f4 Ra8 27. Qb7 Rxa2 28.
fxg5 Qd4+ 29. Nf2 Qe3 30. Rd3 Qxg5 31. Ne4 Qe7 32. Nf6+ Kh8 33. Qxe7 Rxe7 34.
Nxd5 Ree2 35. Nf4 Red2 36. Rd1 Rxd1+ 37. Rxd1 Bxb3 38. Rd8 Kg7 39. Rb8 c4 40.
Ne6+ Kf7 41. Bd5 Bh6 42. Nf4+ Ke7 43. Rb7+ Kd8 44. Ne6+ Kc8 45. Rc7+ Kb8 46.
Rd7 1-0

[Event "Schachbundesliga 2013/2014"]
[Site "?"]
[Date "2014.04.06"]
[Round "15.5"]
[White "Maksimenko, Andrei"]
[Black "Siebrecht, Sebastian"]
[Result "1/2-1/2"]
[WhiteElo "2543"]
[BlackElo "2496"]
[PlyCount "85"]
[EventDate "2014.??.??"]
[WhiteClock "0:50:10"]
[BlackClock "0:48:04"]

1. d4 d5 2. c4 c6 3. cxd5 cxd5 4. Nc3 Nf6 5. Nf3 Nc6 6. Bf4 a6 7. Rc1 Bf5 8. e3
e6 9. Qb3 Bd6 10. Qxb7 Na5 11. Qxa8 Qxa8 12. Bxd6 Qc6 13. Ba3 Nd7 14. b3 Qb7
15. Be2 f6 16. O-O Kf7 17. Nh4 Bg6 18. f4 Rc8 19. f5 Bxf5 20. Nxf5 exf5 21. Bf3
Nb6 22. Nxd5 Rxc1 23. Rxc1 Nxd5 24. Rc5 Qb6 25. Bxd5+ Kg6 26. Kf2 Nb7 27. Rc2
Nd6 28. Bc5 Qc7 29. h3 h5 30. b4 h4 31. a4 Kg5 32. Rb2 Ne4+ 33. Bxe4 Qg3+ 34.
Kf1 Qxe3 35. Re2 Qc1+ 36. Re1 Qc4+ 37. Kf2 fxe4 38. Rxe4 Qd3 39. Rg4+ Kf5 40.
Rxg7 Qd2+ 41. Kg1 Qc1+ 42. Kh2 Qf4+ 43. Kg1 1/2-1/2

[Event "Schachbundesliga 2013/2014"]
[Site "?"]
[Date "2014.04.06"]
[Round "15.6"]
[White "Zaragatski, Ilja"]
[Black "Abel, Dennes"]
[Result "1/2-1/2"]
[WhiteElo "2510"]
[BlackElo "2427"]
[PlyCount "64"]
[EventDate "2014.??.??"]
[WhiteClock "0:30:11"]
[BlackClock "0:03:57"]

1. Nf3 d5 2. g3 c6 3. Bg2 Bg4 4. c4 e6 5. O-O Nf6 6. d3 Bd6 7. Be3 Nbd7 8. Qb3
Qc7 9. Nc3 dxc4 10. Qxc4 Bxf3 11. exf3 Nb6 12. Qb3 Nbd5 13. Rac1 Be7 14. f4
Nxe3 15. fxe3 Qb6 16. d4 Qxb3 17. axb3 Nd5 18. Kf2 O-O-O 19. Ke2 Kb8 20. Ne4 g6
21. Ng5 Rhf8 22. h4 Nf6 23. Bf3 h6 24. Nh3 h5 25. Nf2 Ne8 26. Nd3 Nd6 27. Ne5
Nf5 28. Rg1 Bd6 29. Be4 Ne7 30. Nf3 Nf5 31. Ne5 Ne7 32. Nf3 Nf5 1/2-1/2

[Event "Schachbundesliga 2013/2014"]
[Site "?"]
[Date "2014.04.06"]
[Round "15.7"]
[White "Thiede, Lars"]
[Black "Ris, Robert"]
[Result "1/2-1/2"]
[WhiteElo "2450"]
[BlackElo "2416"]
[PlyCount "93"]
[EventDate "2014.??.??"]
[WhiteClock "0:28:42"]
[BlackClock "0:24:43"]

1. g3 c5 2. c4 g6 3. Bg2 Bg7 4. Nc3 Nc6 5. d3 d6 6. Nf3 Bf5 7. Bd2 Nf6 8. a3
O-O 9. Rb1 Rb8 10. b4 b6 11. h3 Qc8 12. Qc1 Re8 13. Kf1 a5 14. bxc5 bxc5 15.
Kg1 e5 16. Rxb8 Qxb8 17. Bg5 Nd4 18. Kh2 Nb3 19. Qc2 e4 20. Bxf6 exf3 21. Bxg7
fxe2 22. Nxe2 Kxg7 23. Rb1 a4 24. Nc1 Qd8 25. Nxb3 axb3 26. Rxb3 Qf6 27. a4 Re1
28. Qc3 Ra1 29. Bc6 Qxc3 30. Rxc3 Kf6 31. g4 Be6 32. f4 Ke7 33. Rb3 Kd8 34. Kg3
Kc7 35. Be4 Rxa4 36. f5 gxf5 37. gxf5 Bc8 38. Kg4 f6 39. Kh5 d5 40. cxd5 Kd6
41. Kh6 Ke5 42. Rc3 Bxf5 43. Bxf5 Kxf5 44. Rxc5 Rh4+ 45. Kg7 Ke5 46. Kf7 Kd6
47. Rc6+ 1/2-1/2

[Event "Schachbundesliga 2013/2014"]
[Site "?"]
[Date "2014.04.06"]
[Round "15.8"]
[White "Thesing, Matthias"]
[Black "Agopov, Mikael"]
[Result "1/2-1/2"]
[WhiteElo "2355"]
[BlackElo "2434"]
[PlyCount "103"]
[EventDate "2014.??.??"]
[WhiteClock "0:39:10"]
[BlackClock "0:00:45"]

1. e4 c5 2. Nc3 Nc6 3. Bb5 Nd4 4. Bc4 e6 5. Nf3 Nf6 6. O-O a6 7. d3 b5 8. Bb3
Nxb3 9. axb3 Bb7 10. Bg5 Be7 11. e5 b4 12. Na4 Ng4 13. Nxc5 Bxf3 14. Bxe7 Kxe7
15. Qxf3 Nxe5 16. Qe3 Nc6 17. Nxa6 d6 18. Ra4 Qc8 19. Qb6 Kf6 20. Rfa1 h5 21.
Nxb4 Rxa4 22. Rxa4 Nxb4 23. Qxb4 Qxc2 24. Qc3+ Qxc3 25. bxc3 Rc8 26. Rc4 Ra8
27. Ra4 Rc8 28. c4 Ke5 29. Kf1 Kd4 30. Ke2 d5 31. Kd2 f5 32. f4 h4 33. cxd5+
Kxd5 34. b4 Rg8 35. Ke3 g5 36. Ra5+ Kc6 37. Ra2 Kb5 38. fxg5 Rxg5 39. Kf4 Rg6
40. Rb2 Rg4+ 41. Ke5 Rg6 42. d4 Rh6 43. d5 exd5 44. Kxd5 f4 45. Ke4 h3 46. Kxf4
hxg2 47. Rxg2 Kxb4 48. Kg5 Rh8 49. Kf6 Kc3 50. Rg3+ Kd4 51. h3 Ke4 52. Ra3
1/2-1/2